LEADER 01081cam a22002774a 4500 001 991003876589707536 008 080917s2006 nyub b 001 0 eng 020 $a0415945119 035 $ab13764822-39ule_inst 040 $aSet. Economia - SEMS$bita 082 00$a338.964053$222 100 1 $aCohen, Shana$0629140 245 10$aMorocco :$bglobalization and its consequences /$cShana Cohen and Larabi Jaidi 260 $aNew York :$bRoutledge,$cc2006 300 $axviii, 181 p. :$bmap. ;$c21 cm 490 $aGlobalizing regions ;$v6 504 $aInclude bibliografia (p. [169]-173) e indice 650 4$aGlobalizzazione 651 4$aMarocco$xPolitica e governo 700 1 $aJaidi, Larabi$eauthor$4http://id.loc.gov/vocabulary/relators/aut$0739401 907 $a.b13764822$b13-11-18$c17-09-08 912 $a991003876589707536 945 $aLE025 ECO 338.9 COH02.01$g1$i2025000106314$lle025$nCatalogato 2018$o-$pE20.66$q-$rl$s- $t0$u1$v0$w1$x0$y.i14832392$z18-09-08 996 $aMorocco$91464679 997 $aUNISALENTO 998 $ale025$b17-09-08$cm$da $e-$feng$gnyu$h0$i0